000 00658cam a22001937a 4500
008 180718b2014 xxu||||| |||| 00| 0 eng d
020 _a819274566x
082 _aA99 G151/P192
100 _aPandey, Upasana
245 _aContesting postmodern Gandhi
_cby Upasana Pandey
260 _aNew Delhi
_bYS Books
_c2014
300 _a250p.
650 _aCourage -- Political aspects -- India
650 _aAsceticism -- Political aspects -- India
650 _aPostmodernism -- Political aspects
650 _aDemocratization -- India
650 _aGandhi, Mahatma, 1869-1948 -- Influence
650 _aGandhi, Mahatma, 1869-1948 -- Political and social views
999 _c443752
_d443752